[Event "Imperia op 33rd"]
[Site "Imperia"]
[Date "1991.09.13"]
[Round "7.20"]
[White "Shaban, Abdelgawad"]
[Black "Frank, Bernard"]
[Result "1-0"]
[WhiteElo "2021"]
[BlackElo "2200"]
[PlyCount "47"]
[EventDate "1991.09.07"]
[EventType "swiss"]
[EventRounds "9"]
[EventCountry "ITA"]
[SourceTitle "EXT 2024"]
[Source "ChessBase"]
[SourceDate "2023.10.10"]
[SourceVersion "1"]
[SourceVersionDate "2023.10.10"]
[SourceQuality "1"]

1. d4 Nf6 2. Bg5 d5 3. Nd2 Bf5 4. Bxf6 gxf6 5. e3 Nd7 6. Ne2 c5 7. Ng3 Bg6 8. c3 Qb6 9. f4 Qxb2 10. f5 Qxc3 11. fxg6 Qxe3+ 12. Be2 hxg6 13. Rb1 cxd4 14. Rb3 Qe6 15. Nf3 Nc5 16. Nxd4 Qe5 17. Nf3 Qd6 18. Bb5+ Kd8 19. Rb2 e6 20. 0-0 Bh6 21. Re1 Ke7 22. Nd4 Bf4 23. Ngf5+ gxf5 24. Nxf5+ 1-0

[Event "Imperia op 33rd"]
[Site "Imperia"]
[Date "1991.09.11"]
[Round "5.23"]
[White "Blasco, Domenico"]
[Black "Frank, Bernard"]
[Result "0-1"]
[WhiteElo "1938"]
[BlackElo "2200"]
[PlyCount "172"]
[EventDate "1991.09.07"]
[EventType "swiss"]
[EventRounds "9"]
[EventCountry "ITA"]
[SourceTitle "EXT 2024"]
[Source "ChessBase"]
[SourceDate "2023.10.10"]
[SourceVersion "1"]
[SourceVersionDate "2023.10.10"]
[SourceQuality "1"]

1. d4 Nf6 2. Nf3 d5 3. Bg5 e6 4. e3 Be7 5. Nbd2 Nbd7 6. Bd3 b6 7. c3 0-0 8. Ne5 c5 9. Nc6 Qe8 10. Nxe7+ Qxe7 11. f4 Rb8 12. 0-0 b5 13. Rf3 Qd6 14. Rh3 Re8 15. Bxf6 Nxf6 16. Bxh7+ Kf8 17. Bc2 Ba6 18. Rh8+ Ke7 19. Rxe8+ Kxe8 20. Qf3 cxd4 21. exd4 b4 22. Nb3 bxc3 23. bxc3 Bc4 24. Qe3 Qa3 25. Qc1 Qxc1+ 26. Rxc1 Nd7 27. Rb1 Ke7 28. Nc1 Rxb1 29. Bxb1 Nb6 30. Bc2 Kd6 31. Kf2 Bb5 32. Bd3 Bxd3 33. Nxd3 Na4 34. g4 Nxc3 35. h4 Nxa2 36. h5 Nc3 37. g5 Ke7 38. Ne5 Ne4+ 39. Kf3 Kf8 40. Nd7+ Kg8 41. Nc5 Nd6 42. Ke3 Nf5+ 43. Kd3 Ng3 44. Ke3 Nxh5 45. g6 Ng3 46. Kd3 Kf8 47. Nd7+ Ke7 48. Ne5 fxg6 49. Nc6+ Kf6 50. Nxa7 Kf5 51. Ke3 Nh5 52. Nb5 Nxf4 53. Nd6+ Kg4 54. Ne8 Nh5 55. Nc7 Kf5 56. Nb5 g5 57. Nd6+ Kg6 58. Kf3 Nf6 59. Nb5 Nd7 60. Nc7 Kf5 61. Ne8 g4+ 62. Kg3 g5 63. Nd6+ Kg6 64. Kxg4 e5 65. dxe5 Nxe5+ 66. Kg3 d4 67. Kf2 g4 68. Kg3 d3 69. Ne4 Kf5 70. Nd6+ Ke6 71. Ne4 Kd5 72. Kf4 Kd4 73. Nd2 Kc3 74. Ne4+ Kd4 75. Nd2 Nf3 76. Nf1 Nh2 77. Nd2 Kc3 78. Ne4+ Kd4 79. Nf2 d2 80. Kg3 Nf1+ 81. Kxg4 Ke3 82. Nd1+ Ke2 83. Nb2 Ne3+ 84. Kf4 Nc4 85. Na4 Ke1 86. Nc3 Na3 0-1